000 00404nam a2200145 i 4500
001 bg
100 1 _aBOROWIAK, Teresa
245 0 _aCzynniki określające wzajemne ułożenie elementów strukturalnych w kryształach organicznych /
_cTeresa Borowiak.
260 _aPoznań,
_c1975.
040 _cBPK
041 _apol
080 _a547:548
942 _cKS
008 s pl f |000 0 pol
999 _c16215
_d16215
856 _uhttp://koha.tu.koszalin.pl/cgi-bin/koha/opac-detail.pl?biblionumber=16215
_yKatalog online BPK